Дело о рассылке книги "Россия в царствование Алексея Михайловича Романова" Кошихина

Доступно только в Электронных читальных залах Найти на картеНа карте
RUSMARC
00003582nmc2a22002413x 450
001645362de-a605-4cb9-bf12-60f67a028091
00520250621033633.0
100##$a20241205l18401841k l0rusy0189 ca
1010#$arus
102##$aRU
105##$ay###
1222#$ad
2001#$aДело о рассылке книги "Россия в царствование Алексея Михайловича Романова" Кошихина
$j26 ноября 1840 г. - 15 января 1841 г.
215##$a23 л.
$d36,5х26 см
251##$cДело
300##$aНа обложке указано: "№100"
371##$aДокумент не является опубликованным и широко распространяемым
461#0$10012b5b8419-5ce4-4d16-a7a3-85720a295f1f
$12001
$aКанцелярия министра народного просвещения
$1251
$cФонд
$1852
$j735
462#0$1001562cc287-b13c-4f02-8029-f81535ba1e2e
$12001
$aКанцелярия министра народного просвещения
$1251
$cОпись
$1852
$j2
801#0$aRU
$bРГИА
$c20241205
$gRCR
801#1$aRU
$bГлавНИВЦ
$c20241205
$2rusmarc
801#2$aRU
$bПБ им. Б.Н. Ельцина
$c20250621
$gRCR
$2rusmarc
850##$aРГИА
852##$aРГИА
$eФедеральное казенное учреждение "Российский государственный исторический архив" (РГИА)
$j205
937##$hРГИА
$d12420882
$aASBIBLIO_SCAN
035##$aRusGRCC00082988
856##$uhttp://readingroom.main.prlib.ru/item.aspx?id_node=n196828074&mode=full
Формат отображения